[Event "SR 3. liga A2 2015/2016"]
[Site "?"]
[Date "2016.01.31"]
[Round "7.4"]
[White "Bahna, Jan"]
[Black "Kavuljak, Alojz"]
[Result "1/2-1/2"]
[WhiteElo "1875"]
[BlackElo "1706"]
[PlyCount "137"]
[EventDate "2016.??.??"]

1. e4 d6 2. d4 g6 3. Bd3 Bg7 4. Ne2 Nd7 5. c3 c5 6. O-O Ngf6 7. h3 O-O 8. Be3
b6 9. Qd2 Kh8 10. Bh6 Ng8 11. Bxg7+ Kxg7 12. f4 e6 13. f5 exf5 14. exf5 Bb7 15.
Qf4 Ndf6 16. Nd2 Qd7 17. Nf3 Rae8 18. Ng3 Nd5 19. Qd2 Qc6 20. a3 c4 21. Bc2 Qc7
22. Rf2 Ne3 23. Ba4 Re7 24. Re1 Nd5 25. Ree2 a6 26. Bc2 Rfe8 27. Ng5 Ne3 28.
fxg6 fxg6 29. Rxe3 Rxe3 30. N3e4 R3xe4 31. Bxe4 Nh6 32. d5 Bc8 33. Qd4+ Kg8 34.
g4 b5 35. Qf6 Qe7 36. Qxe7 Rxe7 37. Rf6 Rd7 38. Kg2 Kg7 39. Rf2 Re7 40. Rf4 Nf7
41. Nxf7 Rxf7 42. Rxf7+ Kxf7 43. g5 Bd7 44. Kg3 Bc8 45. h4 Bd7 46. Kf4 Bc8 47.
Bc2 Bd7 48. Ke3 Ke7 49. Kd4 Kd8 50. a4 Kc7 51. a5 Kb7 52. b3 cxb3 53. Bxb3 Bf5
54. c4 bxc4 55. Kxc4 Kc7 56. Ba4 Bd7 57. Bc2 Be8 58. Kd4 Bf7 59. Bd3 Kb7 60.
Be2 Ka7 61. Bg4 Kb7 62. Bh3 Kc7 63. Bf1 Kb7 64. Bd3 Ka7 65. Bc2 Kb7 66. Ba4 Kc7
67. Bc6 Kc8 68. Ba4 Kc7 69. Bd1 1/2-1/2

[Event "SR 3. liga A2 2015/2016"]
[Site "?"]
[Date "2016.01.31"]
[Round "7.4"]
[White "Stefik, Miroslav"]
[Black "Krist, Milan"]
[Result "0-1"]
[WhiteElo "1646"]
[BlackElo "1841"]
[PlyCount "86"]
[EventDate "2016.??.??"]

1. e4 e6 2. d4 d5 3. Nc3 Nf6 4. Bg5 Be7 5. e5 Nfd7 6. Bxe7 Qxe7 7. Nf3 a6 8.
Be2 c5 9. O-O Nc6 10. Qd2 cxd4 11. Nxd4 Ndxe5 12. Rfe1 O-O 13. f4 Qc5 14. fxe5
Qxd4+ 15. Qxd4 Nxd4 16. Bd3 Bd7 17. Rad1 Nc6 18. Rd2 Rac8 19. Rf2 b5 20. a3 Rc7
21. h3 Bc8 22. Rf4 Bd7 23. Nd1 f6 24. exf6 Rxf6 25. Rh4 h6 26. Nf2 e5 27. Ng4
Bxg4 28. Rxg4 e4 29. Be2 Ne5 30. Rg3 Rxc2 31. b3 Rfc6 32. a4 b4 33. Kh2 R2c3
34. Rd1 Rxg3 35. Kxg3 Rc3+ 36. Kh2 Nd3 37. Rb1 a5 38. Kg3 Kf7 39. Rf1+ Ke7 40.
Bd1 Kd6 41. Kg4 Nb2 42. Kf4 Nxd1 43. Rxd1 Rxb3 0-1

[Event "SR 3. liga A2 2015/2016"]
[Site "?"]
[Date "2016.01.31"]
[Round "7.5"]
[White "Takacs, Laszlo"]
[Black "Karas, Marek"]
[Result "1/2-1/2"]
[WhiteElo "2197"]
[BlackElo "2234"]
[PlyCount "94"]
[EventDate "2016.??.??"]

1. Nf3 Nf6 2. c4 e6 3. b3 b6 4. Bb2 Bb7 5. e3 Be7 6. Be2 O-O 7. O-O c5 8. Ne5
d6 9. Bf3 Qc7 10. Bxb7 Qxb7 11. Qf3 Qxf3 12. Nxf3 Nc6 13. Nc3 Rfd8 14. Rfd1 d5
15. cxd5 Nxd5 16. Ne4 Rac8 17. d4 cxd4 18. Nxd4 Nxd4 19. Bxd4 Rc2 20. a4 f6 21.
Rac1 Rxc1 22. Rxc1 e5 23. Bb2 Nb4 24. Kf1 Rd3 25. Bc3 Na2 26. Rc2 Nxc3 27. Rxc3
Rd7 28. Ke2 f5 29. Nd2 e4 30. f3 exf3+ 31. gxf3 Kf7 32. Nc4 Ke6 33. Rc1 g5 34.
Rg1 h5 35. h3 Bf6 36. e4 fxe4 37. fxe4 Rf7 38. Rg2 Be7 39. Rg1 Rf4 40. e5 g4
41. hxg4 hxg4 42. Rf1 Bg5 43. Rg1 Bh4 44. Ke3 Rf3+ 45. Ke4 Rg3 46. Rxg3 Bxg3
47. Ne3 Bxe5 1/2-1/2

[Event "SR 3. liga A2 2015/2016"]
[Site "?"]
[Date "2016.01.31"]
[Round "7.5"]
[White "Sosovicka, Juraj"]
[Black "Balogh, Peter"]
[Result "1-0"]
[WhiteElo "2202"]
[BlackElo "2131"]
[PlyCount "63"]
[EventDate "2016.??.??"]

1. b3 e5 2. Bb2 Nc6 3. e3 a6 4. Nf3 d6 5. d4 e4 6. Nfd2 f5 7. d5 Nce7 8. c4 Ng6
9. Be2 Nf6 10. Nc3 Be7 11. Qc2 O-O 12. O-O-O b5 13. cxb5 axb5 14. Bxb5 Ba6 15.
Bxa6 Rxa6 16. Nc4 Qa8 17. Kb1 Ne5 18. Nxe5 dxe5 19. Nb5 Bd6 20. a4 Qb7 21. Rd2
Kh8 22. Qc4 Nd7 23. Rc1 Nc5 24. Ba3 Nxb3 25. Qxb3 Bxa3 26. Qxa3 Qxb5+ 27. axb5
Rxa3 28. Rxc7 Rfa8 29. Kc2 Rd8 30. b6 Ra2+ 31. Kc3 Ra6 32. b7 1-0

[Event "SR 3. liga A2 2015/2016"]
[Site "?"]
[Date "2016.01.31"]
[Round "7.5"]
[White "Blaho, Stefan"]
[Black "Danada, Tomas"]
[Result "0-1"]
[WhiteElo "2006"]
[BlackElo "2170"]
[PlyCount "74"]
[EventDate "2016.??.??"]

1. d4 {0} b6 2. Bf4 Bb7 3. e3 e6 4. Nf3 d6 5. Nbd2 Nd7 6. h3 g6 7. c3 Bg7 8.
Bh2 Qe7 9. Bb5 a6 10. Ba4 Ngf6 11. O-O O-O 12. Bc2 Rac8 13. Qe2 Rfe8 14. e4 e5
15. dxe5 dxe5 16. b4 Nh5 17. Rfe1 Nf4 18. Qf1 c5 19. b5 axb5 20. Qxb5 Bc6 21.
Qf1 b5 22. a4 b4 23. Nc4 bxc3 24. Red1 Red8 25. Rd6 Ne6 26. Nfxe5 Nd4 27. Nxc6
Nxc6 28. Rxd7 Qxd7 29. Nb6 Qd2 30. Nxc8 Rxc8 31. Bb3 c2 32. Rc1 Nd4 33. Bc4 Bh6
34. f4 Rd8 35. Kh1 Nf5 36. Bxf7+ Kf8 37. exf5 Qxc1 0-1

[Event "SR 3. liga A2 2015/2016"]
[Site "?"]
[Date "2016.01.31"]
[Round "7.5"]
[White "Pribila, Gerhard"]
[Black "Merva, Frantisek"]
[Result "1/2-1/2"]
[WhiteElo "2100"]
[BlackElo "2073"]
[PlyCount "42"]
[EventDate "2016.??.??"]

1. e4 c6 2. d4 d5 3. e5 Bf5 4. Nf3 e6 5. Be2 h6 6. O-O a6 7. Nbd2 Nd7 8. Re1
Rc8 9. c4 dxc4 10. Nxc4 Nb6 11. Ne3 Ne7 12. Qb3 Be4 13. Nd2 Bd5 14. Nxd5 Nexd5
15. Ne4 Be7 16. Qg3 Kf8 17. a3 g5 18. Bh5 Rh7 19. Rd1 Rc7 20. Qf3 Kg8 21. Nc5
Bxc5 1/2-1/2

[Event "SR 3. liga A2 2015/2016"]
[Site "?"]
[Date "2016.01.31"]
[Round "7.5"]
[White "Kalmar, Tamas"]
[Black "Bilovsky, Milan"]
[Result "1/2-1/2"]
[WhiteElo "2013"]
[BlackElo "1901"]
[PlyCount "112"]
[EventDate "2016.??.??"]

1. d4 d5 2. c4 e6 3. Nc3 Nf6 4. Bg5 Be7 5. e3 O-O 6. Nf3 h6 7. Bh4 Ne4 8. Bxe7
Qxe7 9. Bd3 Nxc3 10. bxc3 dxc4 11. Bxc4 Nd7 12. O-O Rd8 13. Qe2 c6 14. Rfc1 b6
15. a4 Bb7 16. Ba6 Bc8 17. Bd3 Bb7 18. Rcb1 Rac8 19. h3 c5 20. Ba6 Bxa6 21.
Qxa6 Rc7 22. a5 Rdc8 23. axb6 axb6 24. Qa3 Kf8 25. Kf1 cxd4 26. cxd4 Qxa3 27.
Rxa3 Rc1+ 28. Rxc1 Rxc1+ 29. Ke2 Rb1 30. Nd2 Rb5 31. e4 Ke7 32. Kd3 Kd8 33. Nb3
Kc8 34. g4 Rg5 35. f4 Rg6 36. Ke3 f5 37. Kf3 fxg4+ 38. hxg4 Nf6 39. f5 Rxg4 40.
e5 exf5 41. exf6 gxf6 42. Ra7 h5 43. Rf7 h4 44. Kf2 h3 45. Rh7 Rg2+ 46. Kf1 Rg3
47. Nc1 f4 48. Ne2 Rd3 49. Nxf4 Rf3+ 50. Ke2 Rxf4 51. Ke3 Rf1 52. Rxh3 Kc7 53.
Ke4 b5 54. Kd5 Rf5+ 55. Ke6 Rg5 56. Kxf6 Rd5 1/2-1/2

[Event "SR 3. liga A2 2015/2016"]
[Site "?"]
[Date "2016.01.31"]
[Round "7.5"]
[White "Husek, Lubomir"]
[Black "Matis, Tibor ml"]
[Result "1-0"]
[WhiteElo "1880"]
[BlackElo "1722"]
[PlyCount "99"]
[EventDate "2016.??.??"]

1. e4 c5 2. Nf3 e6 3. c4 Nc6 4. Nc3 a6 5. Be2 Nf6 6. O-O Be7 7. Re1 e5 8. d3
O-O 9. Bg5 Ne8 10. Bxe7 Qxe7 11. Nd5 Qd8 12. Qd2 d6 13. b4 b6 14. Rab1 Nd4 15.
Bd1 Nf6 16. bxc5 bxc5 17. Nxd4 cxd4 18. Nxf6+ Qxf6 19. Rb6 Qd8 20. Qb4 Qg5 21.
Rxd6 Bh3 22. Bf3 h5 23. Qa5 h4 24. Kh1 Be6 25. c5 Rfc8 26. Rb6 Kh7 27. c6 Qd8
28. Qc5 Qc7 29. a4 a5 30. Rc1 Rcb8 31. Rb5 Bb3 32. Qxe5 Qxe5 33. Rxe5 Bxa4 34.
Rec5 Bb3 35. c7 Rc8 36. e5 Ra7 37. Be4+ g6 38. f4 a4 39. f5 Kg7 40. fxg6 fxg6
41. Rc6 a3 42. Rxg6+ Kf7 43. Rf1+ Ke7 44. Rg7+ Ke6 45. Bf5+ Kxe5 46. Bxc8 a2
47. Ra1 Kd6 48. Be6 Bxe6 49. c8=Q Rxg7 50. Qf8+ 1-0

[Event "SR 3. liga A2 2015/2016"]
[Site "?"]
[Date "2016.01.31"]
[Round "7.5"]
[White "Raso, Filip"]
[Black "Brunovsky, Peter"]
[Result "0-1"]
[WhiteElo "1513"]
[BlackElo "1838"]
[PlyCount "54"]
[EventDate "2016.??.??"]

1. e4 c6 2. Nf3 d5 3. exd5 cxd5 4. d4 Nc6 5. Nc3 g6 6. Bb5 Bg7 7. O-O f6 8. Re1
Nh6 9. Bd2 O-O 10. Qc1 Nf7 11. a3 Kh8 12. Re2 e5 13. Bxc6 bxc6 14. dxe5 fxe5
15. Ng5 Nxg5 16. Bxg5 Qc7 17. Bh6 Ba6 18. Bxg7+ Qxg7 19. Re1 Qf6 20. Qe3 d4 21.
Ne4 dxe3 22. Nxf6 exf2+ 23. Kxf2 Rxf6+ 24. Kg3 Rf5 25. Rad1 Raf8 26. Rd6 Rg5+
27. Kh3 Bc8+ 0-1

[Event "SR 3. liga A2 2015/2016"]
[Site "?"]
[Date "2016.01.31"]
[Round "7.5"]
[White "Zajicek, Ferdinand"]
[Black "Poda, Laszlo"]
[Result "1-0"]
[WhiteElo "1774"]
[BlackElo "1036"]
[PlyCount "65"]
[EventDate "2016.??.??"]

1. e4 e5 2. Nf3 Nc6 3. Nc3 Bc5 4. Bc4 Nf6 5. h3 d6 6. d3 b6 7. a3 Bb7 8. Be3
Bxe3 9. fxe3 O-O 10. O-O Na5 11. Ba2 a6 12. Rf2 Qe7 13. Nh2 h6 14. Qf3 Bc8 15.
Raf1 Be6 16. Ng4 Bxg4 17. hxg4 Nb7 18. Qg3 Nh7 19. Rxf7 Rxf7 20. Rxf7 Qxf7 21.
Bxf7+ Kxf7 22. Nd5 c6 23. Nxb6 Rb8 24. Qf3+ Ke6 25. Qf5+ Ke7 26. Qxh7 Kf7 27.
Qf5+ Kg8 28. Nd7 Rd8 29. Qe6+ Kh7 30. Qe7 a5 31. Nf8+ Kg8 32. Ne6 Rc8 33. Qxg7#
1-0

[Event "SR 3. liga A2 2015/2016"]
[Site "?"]
[Date "2016.01.31"]
[Round "7.6"]
[White "Jozefek, Michal"]
[Black "Kavon, Rastislav"]
[Result "0-1"]
[WhiteElo "2203"]
[BlackElo "2228"]
[PlyCount "94"]
[EventDate "2016.??.??"]

1. d4 Nf6 2. c4 g6 3. Nc3 Bg7 4. e4 d6 5. Be2 O-O 6. Bg5 h6 7. Be3 e5 8. d5
Nbd7 9. f3 Kh7 10. g4 Ne8 11. Qc2 a5 12. Nh3 Nc5 13. Nf2 Bf6 14. Qd2 Bg5 15. h4
Bxe3 16. Qxe3 c6 17. h5 g5 18. O-O Qf6 19. Nh3 Nc7 20. b3 cxd5 21. exd5 Qd8 22.
Ne4 N7a6 23. a3 f5 24. Nxc5 Nxc5 25. b4 Nd7 26. Nf2 Nf6 27. Rfd1 Qe7 28. Rac1
Rd8 29. Rd2 Kh8 30. Rcd1 Bd7 31. Qb6 fxg4 32. fxg4 e4 33. Qe3 Qe5 34. Rf1 Rf8
35. Rd4 axb4 36. axb4 Ra2 37. Re1 Ra3 38. Qxa3 Qxd4 39. Rd1 Qe5 40. Qe3 Qf4 41.
Qd4 Kg8 42. Rf1 Nxg4 43. Nxg4 Qg3+ 44. Kh1 Rxf1+ 45. Bxf1 Bxg4 46. Bg2 Bf3 47.
Bxf3 exf3 0-1

[Event "SR 3. liga A2 2015/2016"]
[Site "?"]
[Date "2016.01.31"]
[Round "7.6"]
[White "Bango, Lukas"]
[Black "Berger, Patrik"]
[Result "0-1"]
[WhiteElo "2099"]
[BlackElo "1949"]
[PlyCount "126"]
[EventDate "2016.??.??"]

1. Nf3 Nf6 2. e3 g6 3. b4 Bg7 4. Bb2 O-O 5. Be2 d5 6. O-O a5 7. b5 c5 8. c4 Bf5
9. Na3 Nbd7 10. Rc1 Rc8 11. Qb3 Nb6 12. d3 Qd6 13. cxd5 Qxd5 14. Nd2 Rfd8 15.
e4 Nxe4 16. Ndc4 Nd2 17. Nxb6 Nxb3 18. Nxd5 Bxb2 19. Nxe7+ Kf8 20. Rb1 Kxe7 21.
Rxb2 Nd4 22. Rd1 Kf6 23. Bf1 Be6 24. b6 c4 25. Nxc4 Bxc4 26. dxc4 Nf3+ 27. gxf3
Rxd1 28. Kg2 a4 29. Be2 a3 30. Rc2 Rb1 31. Bd3 Rb2 32. Rc3 Rxa2 33. Be4 Rb8 34.
c5 Rb2 35. Rxa3 Rb5 36. Rc3 Rc8 37. Bxb7 Rcxc5 38. Rxc5 Rxc5 39. Ba6 Rc6 40. b7
Rb6 41. Kg3 Ke7 42. Kf4 f6 43. Kg4 Kd6 44. f4 Kc7 45. Bd3 Rxb7 46. f3 Kd6 47.
f5 Rb4+ 48. Be4 Ke5 49. fxg6 hxg6 50. Kg3 Rxe4 51. fxe4 Kxe4 52. Kf2 Kf4 53.
Ke2 g5 54. Kf2 f5 55. Ke2 g4 56. Kf2 Ke4 57. Ke2 f4 58. Kf2 Kd3 59. Ke1 Ke3 60.
Kf1 Kf3 61. Kg1 Ke2 62. Kg2 f3+ 63. Kh1 f2 0-1

[Event "SR 3. liga A2 2015/2016"]
[Site "?"]
[Date "2016.01.31"]
[Round "7.6"]
[White "Vepy, Ivan"]
[Black "Lopatievov, Alexander"]
[Result "1-0"]
[WhiteElo "1920"]
[BlackElo "1873"]
[PlyCount "87"]
[EventDate "2016.??.??"]

1. e4 c6 2. d4 d5 3. exd5 cxd5 4. Nf3 Nc6 5. h3 Nf6 6. c3 Bf5 7. Bd3 Bxd3 8.
Qxd3 Qc7 9. O-O e6 10. Re1 Bd6 11. Nbd2 O-O 12. Nf1 Ne4 13. Ng5 Nxg5 14. Bxg5
Ne7 15. Bd2 Ng6 16. Rac1 Nf4 17. Qf3 b5 18. Ng3 Ng6 19. Nh5 Qd8 20. g3 Rc8 21.
Kh1 Be7 22. Qg4 a6 23. Rg1 Rc6 24. Rce1 b4 25. Bf4 bxc3 26. bxc3 Rxc3 27. Be5
Bf6 28. Nxf6+ gxf6 29. Bf4 Kh8 30. Rb1 Rg8 31. Rb8 Rc8 32. Rgb1 Nxf4 33. Rxc8
Qxc8 34. Qxf4 Qd8 35. Rb7 Rf8 36. h4 Kg7 37. h5 f5 38. Kg2 Qf6 39. Ra7 Rc8 40.
Rxa6 Rc4 41. Ra8 Rxd4 42. h6+ Kg6 43. Rg8+ Kh5 44. g4+ 1-0

[Event "SR 3. liga A2 2015/2016"]
[Site "?"]
[Date "2016.01.31"]
[Round "7.6"]
[White "Mackovic, Matus"]
[Black "Harastova, Viera"]
[Result "1-0"]
[WhiteElo "1967"]
[BlackElo "1886"]
[PlyCount "55"]
[EventDate "2016.??.??"]

1. e4 e5 2. Nf3 Nc6 3. Bb5 a6 4. Ba4 Nf6 5. O-O d6 6. Re1 Be7 7. c3 O-O 8. h3
b5 9. Bb3 Na5 10. Bc2 Nc6 11. d4 Bb7 12. Nbd2 Re8 13. Nf1 h6 14. Ng3 Bc8 15. a4
Bd7 16. Bd3 exd4 17. axb5 axb5 18. Rxa8 Qxa8 19. cxd4 Qb8 20. Bb1 Nh7 21. e5
dxe5 22. d5 Nd8 23. Nxe5 Nf6 24. Nxd7 Nxd7 25. Nf5 Kf8 26. Nxg7 Kxg7 27. Qg4+
Kh8 28. Qxd7 1-0

[Event "SR 3. liga A2 2015/2016"]
[Site "?"]
[Date "2016.01.31"]
[Round "7.6"]
[White "Vogl, Zdenek"]
[Black "Lezovic, Maros"]
[Result "1/2-1/2"]
[WhiteElo "1900"]
[BlackElo "1837"]
[PlyCount "107"]
[EventDate "2016.??.??"]

1. e4 e5 2. Nf3 Nc6 3. Bb5 d6 4. d4 Bd7 5. d5 Na5 6. Nc3 a6 7. Be2 b6 8. O-O
Nf6 9. h3 Be7 10. Nh2 Nb7 11. b4 a5 12. b5 Nc5 13. f3 Nh5 14. Be3 Ng3 15. Re1
Bh4 16. Bf2 Qg5 17. Nf1 Nxf1 18. Bxh4 Qxh4 19. Bxf1 O-O-O 20. Qe2 g6 21. Qf2
Qxf2+ 22. Kxf2 f5 23. Ke2 fxe4 24. fxe4 Rdf8 25. g3 Rf6 26. Bg2 Rhf8 27. Rf1
Kd8 28. Rxf6 Rxf6 29. Rf1 Ke7 30. Rxf6 Kxf6 31. Kf3 g5 32. g4 Kg6 33. Bf1 Bc8
34. Bc4 Nd7 35. Nd1 Nf6 36. Ne3 h5 37. Nf5 hxg4+ 38. hxg4 Bxf5 39. exf5+ Kf7
40. Bd3 Nd7 41. c4 Kf6 42. Bc2 e4+ 43. Kxe4 Ne5 44. Bd1 Nxc4 45. Kd4 Ne5 46.
Be2 Nf7 47. Bd1 Nh6 48. Ke4 Ng8 49. Kd4 Kf7 50. Be2 Nf6 51. Bd1 Nd7 52. Be2 Nc5
53. Bd1 Kf6 54. Bc2 1/2-1/2

[Event "SR 3. liga A2 2015/2016"]
[Site "?"]
[Date "2016.01.31"]
[Round "7.6"]
[White "Zarecky, Eduard"]
[Black "Hrubsa, Marian"]
[Result "1-0"]
[WhiteElo "1877"]
[BlackElo "1811"]
[PlyCount "65"]
[EventDate "2016.??.??"]

1. d4 d5 2. c4 e6 3. Nc3 Nf6 4. Bg5 Nbd7 5. Nf3 c6 6. e3 Qa5 7. Bxf6 Nxf6 8.
Nd2 Bd7 9. a3 Be7 10. b4 Qd8 11. c5 O-O 12. Be2 Qc7 13. Nf3 Ne4 14. Rc1 f6 15.
Nxe4 dxe4 16. Nd2 f5 17. Nc4 f4 18. exf4 Qxf4 19. O-O Rad8 20. Rc3 Bf6 21. Nd6
Bc8 22. Bc4 Rxd6 23. cxd6 Qxd6 24. Qb3 Bd7 25. Re3 b5 26. Be2 Qf4 27. g3 Qf5
28. Qc2 Bxd4 29. Rxe4 Bxf2+ 30. Kg2 c5 31. Bg4 Qd5 32. Rxf2 Rc8 33. Rd2 1-0

[Event "SR 3. liga A2 2015/2016"]
[Site "?"]
[Date "2016.01.31"]
[Round "7.6"]
[White "Planka, Peter"]
[Black "Bango, Dominik"]
[Result "1-0"]
[WhiteElo "1739"]
[BlackElo "1802"]
[PlyCount "59"]
[EventDate "2016.??.??"]

1. e4 e5 2. Nf3 Nc6 3. Bb5 Nf6 4. O-O d6 5. d4 exd4 6. Nxd4 Bd7 7. Nxc6 Bxc6 8.
Bxc6+ bxc6 9. Re1 Be7 10. b3 O-O 11. Bb2 d5 12. e5 Nd7 13. Nd2 Nb6 14. Nf1 Re8
15. Ng3 Bf8 16. Qg4 Qd7 17. Qe2 Rad8 18. Rad1 Qc8 19. Kh1 c5 20. f4 d4 21. c3
Nd5 22. cxd4 Nxf4 23. Qf3 Ng6 24. Rf1 cxd4 25. Qxf7+ Kh8 26. Rxd4 Bc5 27. Rxd8
Qxd8 28. e6 Rg8 29. Nf5 Bf8 30. Nh6 1-0

[Event "SR 3. liga A2 2015/2016"]
[Site "?"]
[Date "2016.01.31"]
[Round "7.6"]
[White "Dobis, Pavol"]
[Black "Antalek, Rudolf"]
[Result "0-1"]
[WhiteElo "1719"]
[BlackElo "1700"]
[PlyCount "38"]
[EventDate "2016.??.??"]

1. d4 d6 2. c4 f5 3. e3 Nf6 4. Nf3 g6 5. Nc3 Bg7 6. Bd2 O-O 7. Bd3 Qe8 8. O-O
e5 9. dxe5 dxe5 10. Bc2 c6 11. Na4 Na6 12. b4 Bd7 13. Bb3 Kh8 14. Bc2 Rd8 15.
Qb1 h6 16. Bc3 e4 17. Qb2 exf3 18. Bxf6 Bxf6 19. Qxf6+ Rxf6 0-1

[Event "SR 3. liga A2 2015/2016"]
[Site "?"]
[Date "2016.02.21"]
[Round "8.1"]
[White "Bisco, Igor"]
[Black "Lopatievov, Alexander"]
[Result "1-0"]
[WhiteElo "2090"]
[BlackElo "1893"]
[PlyCount "69"]
[EventDate "2016.??.??"]

1. e4 c6 2. d4 d5 3. Nc3 dxe4 4. Nxe4 Bf5 5. Ng3 Bg6 6. h4 h6 7. h5 Bh7 8. Nf3
Nf6 9. Bd3 Bxd3 10. Qxd3 e6 11. Bd2 Nbd7 12. O-O-O Qc7 13. Kb1 O-O-O 14. Ne4
Nxe4 15. Qxe4 Nf6 16. Qe2 Bd6 17. c4 Bf4 18. Bc3 Rhe8 19. Ne5 Bxe5 20. dxe5
Rxd1+ 21. Rxd1 Ng8 22. f4 Rd8 23. Kc2 Rxd1 24. Qxd1 c5 25. Qg4 Ne7 26. Qxg7 Nf5
27. Qf8+ Qd8 28. Qxc5+ Kb8 29. g4 b6 30. Qf2 Ng7 31. Bb4 f5 32. Bd6+ Kb7 33.
Qf3+ Ka6 34. b4 b5 35. Qc6+ 1-0

[Event "SR 3. liga A2 2015/2016"]
[Site "?"]
[Date "2016.02.21"]
[Round "8.1"]
[White "Kozinka, Roman"]
[Black "Malar, Pavol"]
[Result "0-1"]
[WhiteElo "1972"]
[BlackElo "2079"]
[PlyCount "46"]
[EventDate "2016.??.??"]

1. d4 e6 2. c4 f5 3. Nf3 Nf6 4. Nc3 Be7 5. g3 d6 6. Bg2 O-O 7. O-O Bd7 8. Re1
Nc6 9. e4 fxe4 10. Ng5 d5 11. Bh3 Qc8 12. Bg2 h6 13. h4 Bb4 14. Nh3 e5 15. dxe5
Nxe5 16. Nf4 Bg4 17. Qb3 Bxc3 18. Qxc3 Nf3+ 19. Bxf3 Bxf3 20. cxd5 Nxd5 21. Qc4
Rxf4 22. Bxf4 Qh3 23. Qf1 Qh1# 0-1

[Event "SR 3. liga A2 2015/2016"]
[Site "?"]
[Date "2016.02.21"]
[Round "8.1"]
[White "Skocik, Jozef"]
[Black "Mackovic, Matus"]
[Result "1/2-1/2"]
[WhiteElo "1880"]
[BlackElo "1966"]
[PlyCount "45"]
[EventDate "2016.??.??"]

1. e4 c6 2. d4 d5 3. Nc3 dxe4 4. Nxe4 Bf5 5. Ng3 Bg6 6. Nf3 Nd7 7. h4 h6 8. h5
Bh7 9. Bd3 Bxd3 10. Qxd3 Qc7 11. Bd2 Ngf6 12. O-O-O e6 13. Kb1 Bd6 14. Ne4 Nxe4
15. Qxe4 Nf6 16. Qe2 O-O-O 17. Ne5 c5 18. c3 Bxe5 19. dxe5 Nd7 20. f4 c4 21.
Be3 Nb6 22. Bxb6 axb6 23. Rxd8+ 1/2-1/2

[Event "SR 3. liga A2 2015/2016"]
[Site "?"]
[Date "2016.02.21"]
[Round "8.1"]
[White "Zarecky, Eduard"]
[Black "Gajarsky, Roman"]
[Result "1/2-1/2"]
[WhiteElo "1864"]
[BlackElo "1760"]
[PlyCount "113"]
[EventDate "2016.??.??"]

1. d4 g6 2. c4 c6 3. e4 d6 4. Nf3 Bg7 5. Be2 Nf6 6. Nc3 O-O 7. O-O Nbd7 8. Bg5
e5 9. Qc2 Qc7 10. dxe5 Nxe5 11. Nxe5 dxe5 12. Rad1 Be6 13. Qc1 Rfd8 14. h3 Rxd1
15. Rxd1 Rd8 16. b4 b6 17. f3 Rxd1+ 18. Qxd1 Qd7 19. Qxd7 Nxd7 20. Be3 Bf8 21.
a3 f5 22. exf5 gxf5 23. g4 f4 24. Bd2 a5 25. Ne4 axb4 26. Bxb4 c5 27. Bc3 Be7
28. a4 h6 29. Kf2 Bh4+ 30. Kf1 Be7 31. Ke1 Kf8 32. Kd2 Bg8 33. a5 bxa5 34. Bxa5
Kf7 35. Bc7 Ke6 36. Bd1 Bh7 37. Bc2 Nf6 38. Nf2 Bxc2 39. Kxc2 Nh7 40. Nd3 Bd6
41. Bd8 Ng5 42. Bxg5 hxg5 43. Nf2 Be7 44. Kd3 Bd6 45. Ke4 Be7 46. Nd1 Bd8 47.
Nb2 Bc7 48. Nd3 Bd6 49. Ne1 Bc7 50. Nd3 Bd6 51. Nf2 Be7 52. Kd3 Kd7 53. Ne4 Ke6
54. Kc3 Kd7 55. Kb3 Kc6 56. Nc3 Kd6 57. Ka4 1/2-1/2

[Event "SR 3. liga A2 2015/2016"]
[Site "?"]
[Date "2016.02.21"]
[Round "8.1"]
[White "Barca, Michal"]
[Black "Mackovic, Miroslav"]
[Result "1/2-1/2"]
[WhiteElo "1846"]
[BlackElo "1856"]
[PlyCount "96"]
[EventDate "2016.??.??"]

1. c4 Nf6 2. Nc3 g6 3. Nf3 Bg7 4. g3 d6 5. d4 O-O 6. Bg2 a6 7. Bg5 Nc6 8. O-O
Rb8 9. Re1 h6 10. Bf4 Nd7 11. e4 e5 12. Be3 exd4 13. Nxd4 Nde5 14. b3 Ng4 15.
Nxc6 Nxe3 16. Qd3 bxc6 17. Qxe3 c5 18. Rad1 Re8 19. Ne2 Bb7 20. f4 Qe7 21. e5
Bxg2 22. Kxg2 f6 23. Nc3 fxe5 24. Nd5 Qf7 25. fxe5 Rxe5 26. Qf3 Qxf3+ 27. Kxf3
Rf8+ 28. Kg2 Rf7 29. Rxe5 Bxe5 30. Rf1 Rd7 31. Re1 Kg7 32. Ne3 c6 33. Ng4 Bd4
34. Re8 Rf7 35. Ne3 d5 36. cxd5 Bxe3 37. Rxe3 cxd5 38. Re6 Rf6 39. Re7+ Kf8 40.
Rc7 Rd6 41. Rxc5 Ke7 42. Kf3 Rf6+ 43. Ke3 Kd6 44. Kd4 Rf2 45. Ra5 Rd2+ 46. Ke3
Rxh2 47. Rxa6+ Ke5 48. Rxg6 Rxa2 1/2-1/2

[Event "SR 3. liga A2 2015/2016"]
[Site "?"]
[Date "2016.02.21"]
[Round "8.1"]
[White "Gajarsky, Julius"]
[Black "Tupy, Bystrik"]
[Result "1-0"]
[WhiteElo "1791"]
[BlackElo "1765"]
[PlyCount "67"]
[EventDate "2016.??.??"]

1. Nf3 Nc6 2. d4 d5 3. c4 Bg4 4. cxd5 Qxd5 5. Nc3 Qd7 6. e3 e6 7. Be2 Nf6 8. h3
Bxf3 9. Bxf3 Bb4 10. O-O O-O 11. Qb3 Rab8 12. Rd1 Ba5 13. Bd2 Bb6 14. Rac1 Ne7
15. Na4 Nfd5 16. e4 Nf6 17. Nxb6 cxb6 18. Bf4 Rbc8 19. Rc3 Rxc3 20. bxc3 Rc8
21. Bg5 Ne8 22. Qa3 Nc6 23. Bf4 Na5 24. d5 Nf6 25. dxe6 Qxe6 26. e5 Qf5 27. Bg3
Ne8 28. Bg4 Qc2 29. Qe7 Nc6 30. Qxb7 Rd8 31. Rxd8 Nxd8 32. Qe7 Qa4 33. Qxd8 g6
34. Bd7 1-0

[Event "SR 3. liga A2 2015/2016"]
[Site "?"]
[Date "2016.02.21"]
[Round "8.1"]
[White "Janas, Peter"]
[Black "Bango, Dominik"]
[Result "1-0"]
[WhiteElo "1664"]
[BlackElo "1813"]
[PlyCount "82"]
[EventDate "2016.??.??"]

1. d4 d5 2. Nf3 Nf6 3. g3 e6 4. Bg2 Nbd7 5. O-O Be7 6. b3 O-O 7. Bb2 b6 8. Nbd2
Bb7 9. c4 c5 10. Re1 Rc8 11. Rc1 Ba8 12. e3 Re8 13. Qe2 h6 14. Ne5 Nxe5 15.
dxe5 Nd7 16. Red1 Qc7 17. f4 Red8 18. Qg4 Nf8 19. cxd5 Bxd5 20. e4 Bc6 21. Nc4
Qb7 22. Nd6 Bxd6 23. exd6 f5 24. Qe2 fxe4 25. Rd2 Bd5 26. Be5 Nd7 27. Re1 c4
28. bxc4 Rxc4 29. Bd4 Nc5 30. Be5 Nd3 31. Rf1 Rdc8 32. h3 b5 33. Kh2 Rc1 34.
Rxc1 Rxc1 35. Rc2 Rxc2 36. Qxc2 Bc4 37. Qc3 Nc5 38. Qd4 Nd7 39. Bxe4 Qa6 40.
Qb2 Bxa2 41. Bxg7 Qxd6 1-0

[Event "SR 3. liga A2 2015/2016"]
[Site "?"]
[Date "2016.02.21"]
[Round "8.1"]
[White "Vagovic, Milan"]
[Black "Tupy, Emil"]
[Result "1/2-1/2"]
[WhiteElo "1609"]
[BlackElo "1702"]
[PlyCount "111"]
[EventDate "2016.??.??"]

1. d4 Nf6 2. c4 g6 3. Nf3 Bg7 4. Nc3 d6 5. Bg5 O-O 6. e4 c6 7. Be2 Nbd7 8. O-O
Qc7 9. Qd2 e5 10. d5 Nc5 11. Qc2 a6 12. b4 Ncd7 13. a4 c5 14. b5 b6 15. Nd2 a5
16. f4 Bb7 17. f5 h6 18. Be3 g5 19. Qd1 Nh7 20. Qe1 f6 21. Bh5 Rfd8 22. Qg3 Kh8
23. h4 Ndf8 24. hxg5 fxg5 25. Kf2 Bf6 26. Rh1 Qg7 27. Rh2 Qe7 28. Rah1 Bg7 29.
Ke2 Qf6 30. Nd1 Bc8 31. Nf2 Qe7 32. Ng4 Kg8 33. Bg6 Nxg6 34. fxg6 Bxg4+ 35.
Qxg4 Nf8 36. Qf5 Nd7 37. Qh3 Qf6 38. Qf5 Qxf5 39. exf5 Nf6 40. Rf1 Rf8 41. Rhh1
Rae8 42. Kd3 e4+ 43. Ke2 Re5 44. Bf2 Rxf5 45. Bg3 Rxf1 46. Rxf1 Ne8 47. Rxf8+
Bxf8 48. Nxe4 Kg7 49. Kf3 Kxg6 50. Bh2 h5 51. g4 hxg4+ 52. Kxg4 Nf6+ 53. Nxf6
Kxf6 54. Bg3 Be7 55. Bh2 Kg6 56. Bg3 1/2-1/2

[Event "SR 3. liga A2 2015/2016"]
[Site "?"]
[Date "2016.02.21"]
[Round "8.2"]
[White "Veselsky, Jozef"]
[Black "Londin, Martin"]
[Result "1-0"]
[WhiteElo "2099"]
[BlackElo "1918"]
[PlyCount "81"]
[EventDate "2016.??.??"]

1. d4 d5 2. Nf3 Nf6 3. c4 e6 4. Nc3 Nbd7 5. Bf4 c6 6. e3 Qa5 7. Qb3 b6 8. Bd3
Ba6 9. O-O Be7 10. Rfd1 Rc8 11. e4 dxc4 12. Bxc4 Bxc4 13. Qxc4 O-O 14. a3 b5
15. Qe2 Qb6 16. d5 cxd5 17. exd5 Bc5 18. dxe6 fxe6 19. Bg3 a6 20. Rd3 Rfe8 21.
Rad1 Nd5 22. Re1 N7f6 23. Ng5 Bd4 24. Nce4 e5 25. Nxf6+ gxf6 26. Nxh7 Kxh7 27.
Qe4+ Kg7 28. Qxd5 Red8 29. Qe4 Rc4 30. Qg4+ Kf7 31. Qh5+ Ke7 32. Qh7+ Ke6 33.
b3 Rc7 34. Qh3+ Ke7 35. Qf5 Rg8 36. Bh4 Rf8 37. h3 Kf7 38. Rxd4 Qxd4 39. Qh7+
Ke8 40. Qxc7 Qxh4 41. Rd1 1-0